000 01366nam a2200349 i 4500
003 EG-GICUC
005 20260121101531.0
008 251222s2009 ua ||||fr|||| 000 0 ara d
017 _a2009/8399
020 _a977-328-592-8
040 _a EG-GICUC
_bara
_c EG-GICUC
_d EG-GICUC
_erda
041 _aara
082 0 4 _221
_a345.4510612
_bخ ل . م
092 0 4 _221
099 _aLaw1 07 345.4510612 خ ل . م 2 ed - 2009
100 0 _aخليفة سالم الجهمي
_eمؤلف.
245 1 2 _aالمسئولية التأديبية للموظف العام عن المخالفة المالية في القانون الليبي :
_bدراسة مقارنة /
_cخليفة سالم الجهمي.
250 _aالطبعة الثانية
_bمزيد و منقحة
264 1 _aالإسكندرية :
_bدار الجامعة الجديدة,
_c2009.
300 _a443 صفحة؛
_c24 سم
336 _2rda content
_atext
337 _2rda media
_aComputer
338 _2rda carrier
_aOnline Resource
500 _aيشتمل على ملاحق.
504 _aيشتمل على ارجاعات ببليوجرافية.
546 _aالنص باللغة العربية
650 1 4 _aالسلطات التاديبية
_2qrmak
651 1 _2qrmak
856 4 0 _uhttps://fll.law.cu.edu.eg/fulltext/bks/B07-01635.pdf
905 _a79
942 _2ddc
_cBK
_e21
_n0
999 _c52116
_d52116